01011nam a22002537a 450000500170000001000130001702000230003003500130005303700160006604000120008208200180009410000300011224500800014226000390022227000480026130000210030950000500033065000490038065000260042994200270045599900190048295201440050195201120064520170124110132.0 aB-166999 c640.00a8178294214 aB-166999 bCen Lib/Ret aDPLbEN a954.6063bKOI aKoithara, Verghese932319 aCrafting peace in Kashmir :cby Verghese Koitharabthrough a realist lens / aNew DelhibSage Publicationsc2004 aB-42, Panchsheel EnclavebNew Delhie110017 a314p. c21cm(Hb) aIncludes bibliographical references and index aIndia -- Foreign relations -- Pakistan98255 aPeace-building932320 2ddccENh954.6036mKOI c131630d131630 00104070aLbLd2015-07-15eCen Lib/Retg640.00l4m4o954.6063 KOIpB-166999r2022-04-13 00:00:00s2022-03-16t1v640.00w2015-07-15yEN 00102ddc40708NFICaZLSbZLSd2019-02-05l0o954.6036 KOIpB-167000r2019-02-05 00:00:00w2019-02-05yEN